Mort subite : Fleuves et départements (2) - Statistiques

Statistiques générales
  • Ce quiz a été pris 34 fois
  • Le résultat moyen est 9 sur 60
Answers on the Grid
Answers color-coded by a green-red scale on the quiz's grid according to % correct below.
Manche / Vire
Oise / Oise
Pas-de-Calais / Wimereux
Pyrénées-Orientales / Têt
Savoie / Isère
Hautes-Pyrénées / Garonne
Seine-Maritime / Scie
Orne / Orne
Bas-Rhin / Moder
Tarn / Agout
Puy-de-Dôme - Dore
Var / Argens
Marne / Marne
Saône-et-Loire / Loire
Vendée / Vie
Pyrénées-Orientales / Agly
Vienne / Charente
Haute-Marne / Meuse
Savoie / Rhône
Puy-de-Dôme / Sioule
Tarn-et-Garonne / Garonne
Manche / Sée
Saine-et-Marne / Yerres
Paris / Seine
Sarthe / Sarthe
Vienne / Maulde
Haute-Marne / Rognon
Vendée / Sèvre niortaise
Marne / Seine
Vosges / Meuse
Orne / Dives
Rhône / Saöne
Yvelines / Seine
Sarthe / Loir
Marne / Somme
Seine-et-Marne / Seine
Haute-Savoie / Rhône
Pyrénées-Atlantiques / Luy
Haut-Rhin / Ill
Pyrénées-Orientales / Tech
Pas-de-Calais / Liane
Vaucluse / Vaucluse
Hautes-Pyrénées / Arros
Somme / Somme
Haute-Saône / Ognon
Hautes-Pyrénées / Adour
Vendée / Lay
Rhône / Rhône
Pas-de-Calais / Authie
Var / Gapeau
Tarn / Tarn
Nord / Scarpe
Pyrénées-Orientales / Aude
Seine-Maritime / Saane
Vienne / Gartempe
Oise / Bresle
Paris / Bièvre
Yvelines / Vaucouleurs
Pas-de-Calais / Lawe
Vaucluse / Rhône
Vaucluse / Ouvèze
Meurthe-et-Moselle / Moselle
Seine-Maritime / Bresle
Yvelines / Drouette
Nièvre / Loire
Somme / Bresle
Essonne / Seine
Moselle / Nied
Deux-Sèvres / Sèvre Niortaise
Meuse / Meuse
Haute-Vienne / Charente
Nord / Sambre
Vienne / Vienne
Val-d'Oise / Seine
Moselle / Moselle
Pas-de-Calais / Aa
Var / Var
Manche / But
Deux-Sèvres / Argenton
Nièvre / Rhône
Bas-Rhin / Rhin
Meurthe-et-Moselle / Meurthe
Mayenne / Couesnon
Seine-Maritime / Arques
Saint-Saint-Denis / Morée
Nord / Aa
Seine-Maritime / Seine
Mayenne / Mayenne
Pyrénées-Orientales / Réart
Morbihan / Blavet
Orne / Sarthe
Haut-Rhin / Rhin
Manche / Sienne
Nord / Escaut
Pyrénées-Atlantiques / Adour
Nièvre / Yonne
Meuse / Aire
Mayenne / Vilaine
Hauts-de-Seine / Seine
Val-de-Marne / Marne
Territoire de Belfort / Savoureuse
Pyrénées-Atlantiques / Nivelle
Seine-Saint-Denis / Seine
Tarn-et-Garonne / Aveyron
Val-de-Marne / Seine
 
Statistiques - réponses
Réponse % Correct
Paris / Seine
75%
Rhône / Rhône
75%
Somme / Somme
75%
Tarn-et-Garonne / Garonne
75%
Haute-Marne / Meuse
50%
Haute-Savoie / Rhône
50%
Seine-et-Marne / Seine
50%
Vendée / Vie
50%
Deux-Sèvres / Sèvre Niortaise
25%
Hautes-Pyrénées / Adour
25%
Manche / Sée
25%
Marne / Seine
25%
Nièvre / Loire
25%
Orne / Orne
25%
Pas-de-Calais / Authie
25%
Pyrénées-Orientales / Agly
25%
Pyrénées-Orientales / Aude
25%
Pyrénées-Orientales / Tech
25%
Pyrénées-Orientales / Têt
25%
Saône-et-Loire / Loire
25%
Savoie / Rhône
25%
Var / Argens
25%
Vaucluse / Rhône
25%
Vendée / Lay
25%
Vosges / Meuse
25%
Bas-Rhin / Rhin
0%
Essonne / Seine
0%
Hautes-Pyrénées / Garonne
0%
Haute-Vienne / Charente
0%
Haut-Rhin / Rhin
0%
Hauts-de-Seine / Seine
0%
Manche / But
0%
Manche / Sienne
0%
Mayenne / Couesnon
0%
Mayenne / Vilaine
0%
Meuse / Meuse
0%
Morbihan / Blavet
0%
Nord / Aa
0%
Nord / Escaut
0%
Oise / Bresle
0%
Orne / Dives
0%
Pas-de-Calais / Aa
0%
Pas-de-Calais / Liane
0%
Pas-de-Calais / Wimereux
0%
Pyrénées-Atlantiques / Adour
0%
Pyrénées-Atlantiques / Nivelle
0%
Pyrénées-Orientales / Réart
0%
Seine-Maritime / Arques
0%
Seine-Maritime / Bresle
0%
Seine-Maritime / Saane
0%
Seine-Maritime / Scie
0%
Seine-Maritime / Seine
0%
Seine-Saint-Denis / Seine
0%
Somme / Bresle
0%
Val-de-Marne / Seine
0%
Val-d'Oise / Seine
0%
Var / Gapeau
0%
Vendée / Sèvre niortaise
0%
Vienne / Charente
0%
Yvelines / Seine
0%
Aucun quiz correspondant
Distribution des résultats
% des personnes avec chaque résultat
Percentile par nombre de réponses
Votre historique - résultats
Vous n’avez pas pris ce quiz